000 01481cam a2200253 a 4500
005 20150925104701.0
008 990611n00000000ck aco 1 spa d
040 _aCO-BoPUJ
_cCO-BoIAVH
_dCO-BoIAVH
041 0 _aspa
044 _ack
082 0 4 _a634.99
_bS35s
111 2 _aSeminario internacional sistemas silvopastoriles casos exitosos y su potencial en Colombia
_cSanta Fede Bogotá
_dNoviembre 27-29 y Dieciembre 1 de 1995
245 0 _aSilvopastoreo
_balternativa para mejorar la sostenibilidad y competitividad de la ganadería colombiana, memorias
_cSeminarios internacionales sobre sistemas silvopastoriles ; compilador Alvaro Uribe Calad
260 _aSanta Fe de Bogotá (Colombia):
_bCorporación Colombiana de Investigaciones Agropecuaria,
_c.
300 _a294 páginas :
_bilustraciones (algunas a color) y tablas ;
_c23 cm.
650 2 4 _aTierras de pastoreo
_zColombia
_vCongresos
650 2 4 _aDesarrollo sostenible
_zColombia
_vCongresos
650 2 4 _aIndustrias agropecuarias
_zColombia
_vCongresos
700 1 _aUribe Calad, Alvaro Francisco
_eCompilador
710 2 _aPlan de Modernización Tecnológica de la Ganadería Bovina Colombiana
710 2 _aCorporación Colombiana de Investigación Agropecuaria. Corpoica
711 2 _aSeminario internacional de sistemas silvopastoriles : alternativa para una ganadería moderna y competitiva
_cValledupar, Neiva y Villavicencio
_d1996
942 _2ddc
_cLIBRO
999 _c1324
_d1324